01672nam a2200337 a 4500001001000000003000900010005001700019007000300036008004100039040003000080082002400110100005100134245005300185260003600238300002800274336002800302337003400330338003000364500006300394590002700457650002900484650003100513910003700544942001400581952014800595952014800743952014800891952013601039952014201175999001701317000012709DO-SdBNP20240412074235.0ta091116s1990 dr 000 j spa d aDO-SdBNPbspacBNPHUerda 4aRD863.44bP947h2221 aPrida Busto, Juan Manuel,d1956-929467eautor10aHuellas en la niebla /cJuan Manuel Prida Busto. aSanto Domingo :bTaller,c1990. a145 páginas ;c18 cm. 2rdacontent atextobtxt 2rdamediaasin mediación bn 2rdacarrier avolumen bnc aIncluye datos biográficos del autor en la contracubierta aInventariado, 2020/MFF 0aCuentos dominicanos9176 0aLiteratura dominicana.967 aValidado. Control de calidad MFF 2ddccLBS1 00102ddc56708DSaBNPHUbBNPHUcHDd2009-11-16l0oBNPHU DS RD863.44 P947hp12709-30r2020-06-25te. 3w2020-06-25yLBS1ZPréstamo en sala 00102ddc56708DSaBNPHUbBNPHUcHDd2009-11-16l0oBNPHU DS RD863.44 P947hp12709-40r2020-06-25te. 4w2020-06-25yLBS1ZPréstamo en sala 00102ddc56708DSaBNPHUbBNPHUcHDd2013-05-10l0oBNPHU DS RD863.44 P947hp12709-50r2020-06-25te. 5w2020-06-25yLBS1ZPréstamo en sala 00102ddc51708PDaBNPHUbBNPHUcHDd2009-11-16l0oBNPHU PD RD863.44 P947hp12709-10r2020-06-25w2020-06-25yLBS1ZNo se presta 00102ddc51708PDaBNPHUbBNPHUcHDd2009-11-16l0oBNPHU PD RD863.44 P947hp12709-20r2020-06-25te. 2w2020-06-25yLBS1ZNo se presta c12360d12360